000 00230nam a22000857a 4500
008 160928b xxu||||| |||| 00| 0 eng d
100 _9781
_aSriraman.P.etal.
245 _aSocial Science-7
260 _aNew Delhi
_bSrijan Publications
_c2011
999 _c3436
_d3436